000
00497nam a2200181Ia 4500
008
100917s9999 xx 000 0 und d
082
_b
63014
100
_a
खाडीलकर उषा
245
_a
ही नव्हे ती
260
_b
त्रदिल प्रकाशन
_c
1983
300
_a
22
365
_b
2
520
_a
नाटक
630
_a
ही नव्हे ती
650
_a
नाटक
730
_a
ही नव्हे ती
942
_c
BOOK
999
_c
668408
_d
668405